00636cam a22002052 4500001001100000005001700011008004100028020001700069040001500086050002400101100003300125245010100158250001200259260003900271300001500310650003500325700003300360700003400393852000300427000002414720151021151150.0130614s xx 000 0 eng d a8131516822 : aKABUcKABU 0aHF5415.3b.K37 20111 aKardes, Frank R.@000015153710aConsumer behavior :bscience and practice /cFrank R. Kardes, Thomas W. Cline, Maria L. Cronley. a1st ed. aDelhi :bCengage Learning,cc2011. axx, 459 p. 0aConsumer behavior.@00001515381 aCline, Thomas W.@00001840991 aCronley, Maria L.@00001841001